Govt. of
Madhya Pradesh

विज्ञान एवं पैाद्योगिकी सिविल सेेवा की प्रारंभिक एवं मुख्‍य परीक्षा हेतु 6वां संस्‍करण (Record no. 66331)

MARC details
000 -LEADER
fixed length control field 00636nam a22001577a 4500
003 - CONTROL NUMBER IDENTIFIER
control field macl
005 - DATE AND TIME OF LATEST TRANSACTION
control field 20231105160838.0
008 - FIXED-LENGTH DATA ELEMENTS--GENERAL INFORMATION
fixed length control field 231105b |||||||| |||| 00| 0 eng d
040 ## - CATALOGING SOURCE
Transcribing agency macl
082 ## - DEWEY DECIMAL CLASSIFICATION NUMBER
Classification number 500
100 ## - MAIN ENTRY--PERSONAL NAME
Personal name अग्रहरि, रवि पी ,
9 (RLIN) 82024
245 ## - TITLE STATEMENT
Title विज्ञान एवं पैाद्योगिकी सिविल सेेवा की प्रारंभिक एवं मुख्‍य परीक्षा हेतु 6वां संस्‍करण
260 ## - PUBLICATION, DISTRIBUTION, ETC. (IMPRINT)
Place of publication, distribution, etc. दिल्‍ली
Name of publisher, distributor, etc. MC GRAW HILL
Date of publication, distribution, etc. 2023
650 ## - SUBJECT ADDED ENTRY--TOPICAL TERM
Topical term or geographic name as entry element विज्ञान
942 ## - ADDED ENTRY ELEMENTS (KOHA)
Source of classification or shelving scheme
Koha item type Hindi Books
Holdings
Withdrawn status Lost status Source of classification or shelving scheme Damaged status Not for loan Home library Current library Date acquired Cost, normal purchase price Total Checkouts Full call number Barcode Date last seen Price effective from Koha item type
          MACL MACL 05/11/2023 675.00   500 DPI001591 05/11/2023 05/11/2023 Hindi Books